=LDR 00000nam 2200000 4500 =001 INLIS000000000004063 =005 20130612092341 =008 ***********************************eng** =035 ##$$0010-061300000004063 =041 ##$$a eng =082 ##$$a 808 =090 ##$$a 808, Dam l =100 ##$$a Damon, Phillip =245 ##$$a Language rhetoric and style, Phillip Damon, John Espey =260 ##$$a 1966 $b San Fransisco =300 ##$$a xv, 464 hlm, 22 cm =650 ##$$a Retorik =700 ##$$a Espey, John =850 ##$$a NBPNMAT